000 00525nam a2200229Ia 4500
003 OSt
005 20220912150304.0
006 a|||||r|||| 00| 0
007 ta
008 220909b |||||||| |||| 00| 0 eng d
024 _a21736
037 _cTextual
040 _aCSL
_beng
_cCSL
041 _aeng
082 _aY7:1, L81
100 _aMoore A
245 0 _aCultural Anthropology
260 _c1978
300 _axvii,385p.
_ccm.
942 _hY7:1, L81
_cTEXL
_2CC
999 _c44058
_d44058